Phonétique - Pokémon 9ème Gén. - Statistiques

Statistiques générales
  • Ce quiz a été pris 16 fois
  • Le résultat moyen est 27 sur 30
Statistiques - réponses
Phonétique Réponse % Correct
/amasɛl/ Amassel
100%
/ɑ̃pibidu/ Ampibidou
100%
/aʁboliva/ Arboliva
100%
/baodʒan/ Baojian
100%
/kanaʁbelo/ Canarbello
100%
/kaʁmadyʁa/ Carmadura
100%
/ʃaʁbɑ̃bɛ̃/ Charbambin
100%
/ʃoʃodil/ Chochodile
100%
/ʃɔ̃gdʒan/ Chongjian
100%
/kleopsitʁa/ Cléopsytra
100%
/kwafətɔ̃/ Coiffeton
100%
/kɔ̃paɲɔl/ Compagnol
100%
/kuʁusɛ̃ʒ/ Courrousinge
100%
/kʁapaʁwa/ Craparoi
100%
/kʁokogʁil/ Crocogril
100%
/delɛstɛ̃n/ Délestin
100%
/døsoluʁdo/ Deusolourdo
100%
/diŋglu/ Dinglu
100%
/dɔgʁino/ Dogrino
100%
/epinə.də.fɛʁ/ Epine-de-Fer
100%
/famiɲɔl/ Famignol
100%
/faʁiʒiʁaf/ Farigiraf
100%
/felikanis/ Félicanis
100%
/fɛʁdətɛʁ/ Ferdeter
100%
/flamɑ̃ʁul/ Flamenroule
100%
/flamigatɔʁ/ Flâmigator
100%
/floʁekla/ Floréclat
100%
/flɔtə.mɛʃ/ Flotte-Mèche
100%
/fɔ̃gys.fyʁi/ Fongus-Furie
100%
/fɔʁʒelina/ Forgelina
100%
/fɔʁʒela/ Forgella
100%
/fɔʁʒəʁɛt/ Forgerette
100%
/gaʁdə.də.fɛʁ/ Garde-de-Fer
100%
/ʒɛʁmekla/ Germéclat
100%
/ʒigɑ̃sɛl/ Gigansel
100%
/glɛvodo/ Glaivodo
100%
/guʁməlɛ/ Gourmelet
100%
/gʁibuʁɛɲ/ Gribouraigne
100%
/gʁomago/ Gromago
100%
/ɔtə.də.fɛʁ/ Hotte-de-Fer
100%
/yʁlə.kø/ Hurle-Queue
100%
/iʁə.fudʁ/ Ire-Foudre
100%
/koʁajdɔn/ Koraidon
100%
/lilitʁɛl/ Lilliterelle
100%
/malvalam/ Malvalame
100%
/matuʁʒɔ̃/ Matourgeon
100%
/mjaskaʁad/ Miascarade
100%
/miʁajdɔn/ Miraidon
100%
/mitə.də.fɛʁ/ Mite-de-Fer
100%
/motoʁizaʁ/ Motorizard
100%
/nigiʁigɔ̃/ Nigirigon
100%
/olivado/ Olivado
100%
/olivini/ Olivini
100%
/ojakata/ Oyacata
100%
/palmaval/ Palmaval
100%
/pataʃjo/ Pâtachiot
100%
/pomə.də.fɛʁ/ Paume-de-Fer
100%
/pəlaʒə.sable/ Pelage-Sablé
100%
/pimito/ Pimito
100%
/pom/ Pohm
100%
/pomaʁmɔt/ Pohmarmotte
100%
/pomɔt/ Pohmotte
100%
/pɔmdoʁoʧi/ Pomdorochi
100%
/pɔmdʁamuʁ/ Pomdramour
100%
/pɔ̃dʁalygɔ̃/ Pondralugon
100%
/pusaʃa/ Poussacha
100%
/ʁɑ̃p.ɛl/ Rampe-Ailes
100%
/ʁu.də.fɛʁ/ Roue-de-Fer
100%
/ʁyʒi.lyn/ Rugit-Lune
100%
/skalpəʁœʁ/ Scalpereur
100%
/skovilɛ̃/ Scovilain
100%
/sɛlytɛ̃/ Selutin
100%
/sɛʁpɑ̃t.o/ Serpente-Eau
100%
/sypɛʁdofɛ̃/ Superdofin
100%
/tag.tag/ Tag-Tag
100%
/tapatoɛs/ Tapatoès
100%
/topiko/ Taupikeau
100%
/teʁakul/ Terracool
100%
/teʁɛste/ Terraiste
100%
/tisɑ̃bul/ Tissenboule
100%
/tɔ̃beʁo/ Tomberro
100%
/tutɔ̃b/ Toutombe
100%
/viʁvoʁœʁ/ Virevorreur
100%
/viʁovɑ̃/ Virovent
100%
/zapetʁɛl/ Zapétrel
100%
/tɛtɑ̃pul/ Têtampoule
86%
/balbalɛz/ Balbalèze
83%
/fʁagʁwɛ̃/ Fragroin
83%
/pjetase/ Piétacé
83%
/juju/ Yuyu
83%
/beʁaska/ Bérasca
80%
/bʁiɔʃjɛ̃/ Briochien
80%
/flotijɔ̃/ Flotillon
80%
/fylgyleʁo/ Fulgulairo
80%
/peʃaminys/ Pêchaminus
80%
/teʁakʁyɛl/ Terracruel
80%
/vʁɔ̃botɔʁ/ Vrombotor
80%
/fø.pɛʁsɑ̃/ Feu-Perçant
75%
/fʁigodo/ Frigodo
75%
/gɑ̃bɛks/ Gambex
75%
/gʁɔ̃dɔg/ Grondogue
75%
/lɛstɔ̃bɛl/ Lestombaile
75%
/ʁɔk.də.fɛʁ/ Roc-de-Fer
75%
/teʁapagos/ Terapagos
75%
/tɛtə.də.fɛʁ/ Têtes-de-Fer
75%
/tʁiopiko/ Triopikeau
75%
/vɛʁ.də.fɛʁ/ Vert-de-Fer
75%
/ʃɛf.də.fɛʁ/ Chef-de-Fer
71%
/kʁiodo/ Cryodo
67%
/dofɛ̃/ Dofin
67%
/filɑ̃tʁap/ Filentrappe
67%
/fɔʁtysimja/ Fortusimia
67%
/moʁdydɔʁ/ Mordudor
67%
/tefʁwajabl/ Théffroyable
67%
/favjanos/ Favianos
60%
/fɔʁ.ivwaʁ/ Fort-Ivoire
50%
/lebuleʁu/ Léboulérou
50%
/ogɛʁpɔ̃/ Ogerpon
50%
/vʁɔ̃bi/ Vrombi
50%
/pɔlʧagajst/ Poltchageist
0%
Aucun quiz correspondant
Distribution des résultats
% des personnes avec chaque résultat
Percentile par nombre de réponses
Votre historique - résultats
Vous n’avez pas pris ce quiz